Fantasy maps - Statistics

General Stats
  • This quiz has been taken 14 times
  • The average score is 10 of 29
Answer Stats
Picture Answer % Correct
Song of Ice and Fire
86%
Lord of the Rings
79%
Middle-earth
79%
Westeros
79%
Song of Ice and Fire
71%
Essos
64%
The Elder Scrolls
50%
Tle Land of Oz
50%
The Wizard of Oz
43%
Harry Potter
36%
Marauder Map
36%
Tamriel
36%
Earthsea
29%
The Wheel of Time
29%
Witcher
29%
Earthsea
21%
Narnia
21%
Warhammer
21%
Azeroth
14%
Neverland
14%
The Stormlight Archive
14%
World of Warcraft
14%
Conan The Barbarian
7%
Disc World
7%
Disc World
7%
Peter Pan
7%
The Chronicles of Narnia
7%
Hyberia
0%
Roshar
0%
No matching quizzes found
Score Distribution
Percent of People with Each Score
Percentile by Number Answered
Your Score History
You have not taken this quiz